000 00285nam a22001337a 4500
008 180904b xxu||||| |||| 00| 0 eng d
020 _a9780393989212
041 _aeng
080 _a541
100 _a12
101 _aKIM
245 _aOrganic Chemistry
_cJones.M
942 _2udc
_cBK
999 _c47513
_d47513